00422nam a2200181 a 4500001001300000003000900013005001700022008004100039020001000080082001600090245001500106260002800121300000800149500003500157505001000192650002300202710001500225nice12345678IN_TiNIC20260116012541.0050524s1957 egya grp 000 0 ara  ac10000a492.78bNIL aAl-Murshid aEgyptbNile Pressc1957 a51p aincludes index and biblioraphy2 aIndex aArabic-Course Book2 aNile Press